[Event "Chigorin Memorial 2018"]
[Site "St. Petersburg"]
[Date "2018.10.28"]
[Round "2.37"]
[White "Shkurkin, Andrey"]
[Black "Vokhidov, Shamsiddin"]
[Result "0-1"]
[WhiteElo "2201"]
[BlackElo "2446"]
[Annotator "TA"]
[PlyCount "56"]
[EventDate "2018.10.27"]
[EventType "swiss"]
[EventCountry "RUS"]
[WhiteTeam "Russland"]
[BlackTeam "Usbekistan"]
[WhiteTeamCountry "RUS"]
[BlackTeamCountry "UZB"]

1. d4 Nf6 2. c4 e6 3. g3 d5 4. Bg2 dxc4 5. Nf3 Bd7 6. Ne5 Bc6 7. Nxc6 Nxc6 8. O-O Qd7 9. e3 O-O-O 10. Qa4 Nd5 11. Qxc4 h5 12. Nc3 h4 13. a3 hxg3 14. hxg3 f5 15. Rd1 g5 16. Qe2 Bd6 17. e4 Nxc3 18. bxc3 f4 19. Rb1 e5 20. Qb5 b6 21. gxf4 gxf4 22. Bxf4 exf4 23. e5 Rdg8 24. e6 Rxg2+ 25. Kxg2 Qg7+ 26. Kf1 f3 27. Ke1 Qg1+ 28. Kd2 Qxf2+ 0-1

[Event "Chigorin Memorial 2018"]
[Site "St. Petersburg"]
[Date "2018.10.28"]
[Round "2.38"]
[White "Duzhakov, Ilya"]
[Black "Stukan, Martin"]
[Result "1-0"]
[WhiteElo "2414"]
[BlackElo "2173"]
[Annotator "TA"]
[PlyCount "113"]
[EventDate "2018.10.27"]
[EventType "swiss"]
[EventCountry "RUS"]
[WhiteTeam "Russland"]
[BlackTeam "Russland"]
[WhiteTeamCountry "RUS"]
[BlackTeamCountry "RUS"]

1. d4 Nf6 2. c4 g6 3. Nc3 d5 4. cxd5 Nxd5 5. e4 Nxc3 6. bxc3 Bg7 7. Nf3 c5 8. Rb1 O-O 9. Be2 cxd4 10. cxd4 Qa5+ 11. Bd2 Qxa2 12. O-O Bg4 13. Bg5 h6 14. Bh4 g5 15. Bg3 Nc6 16. d5 Na5 17. e5 b6 18. Rb4 Bd7 19. Qd3 Nb7 20. Rd1 Rac8 21. h4 g4 22. Ne1 h5 23. Qe3 Bf5 24. f3 Qa5 25. Rdd4 gxf3 26. Bxf3 Bg6 27. Qg5 Qc5 28. Bxh5 Qc1 29. Bxg6 Qxg5 30. Bxf7+ Rxf7 31. hxg5 Rc1 32. Rdc4 Rd1 33. Rd4 Rc1 34. Rdc4 Rd1 35. Kh2 Rf1 36. Rc8+ Kh7 37. Rh4+ Kg6 38. Rc6+ Kf5 39. Rh7 Rfxe1 40. Bxe1 Bxe5+ 41. Bg3 Bxg3+ 42. Kxg3 Nd6 43. Rxe7 Rxd5 44. g6 Kg5 45. Rxa7 Nf5+ 46. Kh2 Rd8 47. g7 Rg8 48. Rxb6 Nxg7 49. Ra5+ Nf5 50. Rbb5 Rh8+ 51. Kg1 Rf8 52. Rb4 Kg6 53. Rg4+ Kh5 54. Rf4 Kg5 55. g3 Rf6 56. Kf2 Rf7 57. Re5 1-0

[Event "Chigorin Memorial 2018"]
[Site "St. Petersburg"]
[Date "2018.10.28"]
[Round "2.39"]
[White "Chibukhchyan, Erik"]
[Black "Savitskiy, Sergey"]
[Result "0-1"]
[WhiteElo "2200"]
[BlackElo "2413"]
[Annotator "TA"]
[PlyCount "80"]
[EventDate "2018.10.27"]
[EventType "swiss"]
[EventCountry "RUS"]
[WhiteTeam "Russland"]
[BlackTeam "Russland"]
[WhiteTeamCountry "RUS"]
[BlackTeamCountry "RUS"]

1. c4 Nf6 2. Nc3 g6 3. g3 Bg7 4. Bg2 O-O 5. e4 c5 6. Nge2 Nc6 7. O-O Ne8 8. d3 Nc7 9. Be3 Ne6 10. a3 Ned4 11. Rb1 a5 12. f4 d6 13. h3 e6 14. g4 f5 15. Ng3 fxg4 16. hxg4 Qh4 17. Nh1 Bd7 18. Bf2 Qe7 19. Be3 Qh4 20. Bf2 Qd8 21. Be3 a4 22. g5 e5 23. Nd5 exf4 24. Rxf4 Rxf4 25. Bxf4 Ne5 26. Nf2 b5 27. cxb5 Bxb5 28. Bxe5 Bxe5 29. Qd2 Bd7 30. Rf1 Rb8 31. Nd1 Be6 32. N1c3 h5 33. Nf6+ Kg7 34. Kh1 h4 35. Nfd5 h3 36. Bf3 Bxd5 37. exd5 Nf5 38. Re1 Ng3+ 39. Kg1 h2+ 40. Kf2 Qf8 0-1

[Event "Chigorin Memorial 2018"]
[Site "St. Petersburg"]
[Date "2018.10.28"]
[Round "2.40"]
[White "Ofitserian, Boris"]
[Black "Eynullayev, Atilla"]
[Result "1/2-1/2"]
[WhiteElo "2411"]
[BlackElo "2164"]
[Annotator "TA"]
[PlyCount "82"]
[EventDate "2018.10.27"]
[EventType "swiss"]
[EventCountry "RUS"]
[WhiteTeam "Russland"]
[BlackTeam "Aserbeidschan"]
[WhiteTeamCountry "RUS"]
[BlackTeamCountry "AZE"]

1. d4 Nf6 2. c4 e6 3. Nf3 d5 4. g3 Bb4+ 5. Bd2 Be7 6. Bg2 O-O 7. O-O c6 8. Qc2 Nbd7 9. Rd1 b6 10. b3 Ba6 11. a4 Ne4 12. Ne5 Nxe5 13. Bxe4 Ng6 14. cxd5 cxd5 15. Bd3 Bxd3 16. Qxd3 Qd7 17. Nc3 Rfc8 18. h4 h6 19. Rdc1 Bb4 20. Qb5 Qxb5 21. axb5 Rc7 22. Ra4 Bd6 23. Na2 Rxc1+ 24. Nxc1 Ne7 25. Nd3 Kf8 26. e3 Ke8 27. h5 f6 28. Kg2 Kd7 29. f3 e5 30. dxe5 fxe5 31. e4 Ke6 32. f4 Rc8 33. exd5+ Nxd5 34. Kf3 Nc3 35. Bxc3 Rxc3 36. Ke4 exf4 37. gxf4 Rxb3 38. Rxa7 Rxb5 39. Rxg7 Rxh5 40. Rg6+ Ke7 41. Ne5 Bxe5 1/2-1/2

[Event "Chigorin Memorial 2018"]
[Site "St. Petersburg"]
[Date "2018.10.28"]
[Round "2.41"]
[White "Eynullayev, Altay"]
[Black "Bykov, Oleg"]
[Result "1-0"]
[WhiteElo "2180"]
[BlackElo "2411"]
[Annotator "TA"]
[PlyCount "131"]
[EventDate "2018.10.27"]
[EventType "swiss"]
[EventCountry "RUS"]
[WhiteTeam "Aserbeidschan"]
[BlackTeam "Russland"]
[WhiteTeamCountry "AZE"]
[BlackTeamCountry "RUS"]

1. d4 d5 2. Nf3 Nf6 3. c4 dxc4 4. e3 a6 5. Bxc4 e6 6. O-O c5 7. dxc5 Qxd1 8. Rxd1 Bxc5 9. Be2 b5 10. Nbd2 O-O 11. Nb3 Be7 12. Bd2 Nbd7 13. Nfd4 Bb7 14. Na5 Bd5 15. Nac6 Bc5 16. Bb4 Rfe8 17. Rdc1 Bb6 18. a4 a5 19. Bd6 b4 20. Ne7+ Kh8 21. Nxd5 exd5 22. Bb5 Re4 23. Nb3 g6 24. Bc7 Kg7 25. Rc6 Bxc7 26. Rxc7 Nb6 27. Rac1 Kf8 28. Bc6 Rb8 29. Nxa5 b3 30. Nxb3 Nxa4 31. Nd2 Reb4 32. b3 Nb2 33. Ra1 Kg8 34. Raa7 Rf8 35. Rcb7 Nd3 36. Kf1 Rc8 37. Bb5 Ne5 38. f4 Neg4 39. Ke2 Rc3 40. Bd3 Rxb7 41. Rxb7 Nxh2 42. b4 Nh5 43. Nb1 Rb3 44. Kd2 Rb2+ 45. Kc3 Rxg2 46. b5 Nf6 47. b6 d4+ 48. Kxd4 Nf3+ 49. Kc5 Rb2 50. Rc7 Nd5 51. Kxd5 Rxb6 52. Be4 Nh2 53. Nd2 Ng4 54. Nc4 Rb5+ 55. Kd4 Nf6 56. Rxf7 Nxe4 57. Kxe4 Rc5 58. Nd6 h5 59. f5 gxf5+ 60. Rxf5 Rc6 61. Ke5 Rc3 62. e4 h4 63. Kf6 h3 64. Rg5+ Kf8 65. Rh5 Kg8 66. e5 1-0

[Event "Chigorin Memorial 2018"]
[Site "St. Petersburg"]
[Date "2018.10.28"]
[Round "2.42"]
[White "Vlasenko, Miroslav"]
[Black "Vunder, Andrey"]
[Result "1-0"]
[WhiteElo "2411"]
[BlackElo "2162"]
[Annotator "TA"]
[PlyCount "99"]
[EventDate "2018.10.27"]
[EventType "swiss"]
[EventCountry "RUS"]
[WhiteTeam "Russland"]
[BlackTeam "Russland"]
[WhiteTeamCountry "RUS"]
[BlackTeamCountry "RUS"]

1. d4 d5 2. c4 e6 3. Nc3 Be7 4. Nf3 Nf6 5. Bf4 O-O 6. a3 c5 7. dxc5 Bxc5 8. e3 Nc6 9. Qc2 Qa5 10. Nd2 Bb4 11. Rc1 Bxc3 12. Qxc3 Qxc3 13. Rxc3 e5 14. Bg5 d4 15. Rc1 dxe3 16. fxe3 Ng4 17. h3 h6 18. hxg4 hxg5 19. Be2 e4 20. Nxe4 Ne5 21. Nxg5 Bxg4 22. Nf3 Nd7 23. Rh4 Nf6 24. Bd3 Rfe8 25. Kd2 g6 26. Nd4 Kg7 27. Rf1 Rh8 28. Rhh1 Bd7 29. b4 Rxh1 30. Rxh1 Re8 31. c5 Re5 32. Nf3 Rd5 33. Kc3 Bf5 34. Bxf5 Rxf5 35. Re1 Ne4+ 36. Kd4 Ng5 37. Nxg5 Rxg5 38. Re2 Kf6 39. Rc2 Ke6 40. c6 bxc6 41. Rxc6+ Kd7 42. Ra6 Rxg2 43. Rxa7+ Ke6 44. b5 Rb2 45. Kc5 g5 46. Ra8 g4 47. Re8+ Kd7 48. Rg8 f5 49. a4 Ke7 50. e4 1-0

[Event "Chigorin Memorial 2018"]
[Site "St. Petersburg"]
[Date "2018.10.28"]
[Round "2.43"]
[White "Ivanov, Platon-Jaan"]
[Black "Sadovsky, Artem"]
[Result "0-1"]
[WhiteElo "2176"]
[BlackElo "2408"]
[PlyCount "66"]
[EventDate "2018.10.27"]
[EventType "swiss"]
[EventCountry "RUS"]
[WhiteTeam "Estland"]
[BlackTeam "Russland"]
[WhiteTeamCountry "EST"]
[BlackTeamCountry "RUS"]

1. d4 d5 2. c4 c6 3. Nf3 Nf6 4. Nc3 dxc4 5. a4 Bf5 6. e3 e6 7. Bxc4 Bb4 8. O-O Nbd7 9. Nh4 Bg4 10. f3 Bh5 11. g4 Bg6 12. e4 Nb6 13. Nxg6 hxg6 14. Bb3 Qc7 15. Qe2 O-O-O 16. Be3 Rh3 17. a5 Nbd7 18. e5 Rdh8 19. Rf2 Bxc3 20. bxc3 Nd5 21. Bd2 f5 22. c4 fxg4 23. cxd5 g3 24. Rg2 Rxh2 25. Rxh2 Rxh2 26. Qe1 Qd8 27. Qxg3 Rxd2 28. dxc6 Nc5 29. cxb7+ Kb8 30. Qf4 Nxb3 31. Rc1 Qxd4+ 32. Qxd4 Nxd4 33. a6 Ne2+ 0-1

[Event "Chigorin Memorial 2018"]
[Site "St. Petersburg"]
[Date "2018.10.28"]
[Round "2.44"]
[White "Smirnov, Artem"]
[Black "Postnikov, Roman"]
[Result "1-0"]
[WhiteElo "2405"]
[BlackElo "2158"]
[PlyCount "66"]
[EventDate "2018.10.27"]
[EventType "swiss"]
[EventCountry "RUS"]
[WhiteTeam "Russland"]
[BlackTeam "Russland"]
[WhiteTeamCountry "RUS"]
[BlackTeamCountry "RUS"]

1. d4 d5 2. Nf3 e6 3. e3 c5 4. b3 Nc6 5. Bb2 Nf6 6. Bd3 cxd4 7. exd4 Bb4+ 8. Nbd2 Ne4 9. O-O Bc3 10. Bxc3 Nxc3 11. Qe1 O-O 12. Qe3 Qa5 13. Rfe1 h6 14. a3 b5 15. Nf1 Qb6 16. Ng3 a5 17. Nh5 Ra7 18. Qf4 Qc7 19. Ne5 f6 20. Nxc6 Qxc6 21. Qg3 Qc7 22. Qe3 b4 23. Nf4 Re8 24. axb4 axb4 25. Rxa7 Qxa7 26. Bg6 Re7 27. Nd3 Qb6 28. h4 Bd7 29. Ra1 Be8 30. Ra8 Kf8 31. Nc5 Qc6 32. Rd8 Qc7 33. Nxe6+ Rxe6 1-0

[Event "Chigorin Memorial 2018"]
[Site "St. Petersburg"]
[Date "2018.10.28"]
[Round "2.45"]
[White "Hakobyan, Hovhannes H."]
[Black "Kazakovskiy, Valeriy"]
[Result "0-1"]
[WhiteElo "2168"]
[BlackElo "2405"]
[PlyCount "76"]
[EventDate "2018.10.27"]
[EventType "swiss"]
[EventCountry "RUS"]
[WhiteTeam "Armenien"]
[BlackTeam "Weißrussland"]
[WhiteTeamCountry "ARM"]
[BlackTeamCountry "BLR"]

1. e4 c5 2. Nf3 Nc6 3. Nc3 e5 4. Bc4 Be7 5. d3 d6 6. O-O Nf6 7. h3 O-O 8. Bg5 Be6 9. Bxf6 Bxf6 10. Nd5 g6 11. a3 Bg7 12. c3 Rc8 13. b4 Kh8 14. Rb1 cxb4 15. cxb4 Bh6 16. b5 Na5 17. Ba2 f5 18. Re1 Qd7 19. Nd2 b6 20. Rb4 Qf7 21. f3 Nb7 22. Nf1 Rc1 23. Qe2 Rxe1 24. Qxe1 Nc5 25. Qe2 Qg7 26. Qd1 Bd7 27. Ng3 Be6 28. Nf1 Bg5 29. d4 exd4 30. Qxd4 fxe4 31. fxe4 Qe5 32. Qxe5+ dxe5 33. Rb1 Nxe4 34. Re1 Bxd5 35. Bxd5 Nc3 36. Bc6 e4 37. g3 Be7 38. Ne3 Bxa3 0-1

[Event "Chigorin Memorial 2018"]
[Site "St. Petersburg"]
[Date "2018.10.28"]
[Round "2.46"]
[White "Yagupov, Igor"]
[Black "Sokolov, Ilia"]
[Result "1-0"]
[WhiteElo "2403"]
[BlackElo "2150"]
[PlyCount "27"]
[EventDate "2018.10.27"]
[EventType "swiss"]
[EventCountry "RUS"]
[WhiteTeam "Russland"]
[BlackTeam "Russland"]
[WhiteTeamCountry "RUS"]
[BlackTeamCountry "RUS"]

1. e4 e6 2. d4 d5 3. Nc3 Bb4 4. e5 Ne7 5. a3 Bxc3+ 6. bxc3 b6 7. Qg4 O-O 8. Bg5 Qd7 9. Bd3 Ba6 10. Bxh7+ Kxh7 11. Qh4+ Kg8 12. Bxe7 Qc6 13. Kd2 Re8 14. Bf6 1-0

[Event "Chigorin Memorial 2018"]
[Site "St. Petersburg"]
[Date "2018.10.28"]
[Round "2.47"]
[White "Pujari, Rucha"]
[Black "Rohith Krishna S"]
[Result "0-1"]
[WhiteElo "2160"]
[BlackElo "2403"]
[PlyCount "132"]
[EventDate "2018.10.27"]
[EventType "swiss"]
[EventCountry "RUS"]
[WhiteTeam "Indien"]
[BlackTeam "Indien"]
[WhiteTeamCountry "IND"]
[BlackTeamCountry "IND"]

1. d4 Nf6 2. c4 e6 3. g3 d5 4. Bg2 Be7 5. Nf3 O-O 6. O-O b6 7. Nc3 Bb7 8. Ne5 Nbd7 9. Qa4 c6 10. Rd1 Nxe5 11. dxe5 Nd7 12. cxd5 cxd5 13. e4 Nc5 14. Qc2 d4 15. b4 Na6 16. a3 Rc8 17. Bb2 f6 18. exf6 Bxf6 19. e5 Bxg2 20. Kxg2 Bxe5 21. Qe2 Qf6 22. Ne4 Qg6 23. Nd2 Qf5 24. f4 Bf6 25. Ne4 Nb8 26. Bxd4 Bxd4 27. Rxd4 Nc6 28. Rd2 Rcd8 29. Nd6 Qg6 30. f5 Qf6 31. Qxe6+ Qxe6 32. fxe6 Rf6 33. Re1 Kf8 34. b5 Ne7 35. Nc4 Rxd2+ 36. Nxd2 Ke8 37. Nf3 Rf5 38. Re5 h6 39. h4 Kd8 40. a4 Kc7 41. Rxf5 Nxf5 42. g4 Ne3+ 43. Kg3 Kd6 44. Nd4 Nd5 45. Kf3 g6 46. Nc6 a5 47. bxa6 Kxc6 48. g5 hxg5 49. a7 Nc7 50. hxg5 Kd6 51. Ke3 Kxe6 52. Ke4 Kd6 53. Kd4 Ne6+ 54. Kc4 Nc7 55. Kd4 b5 56. a8=Q Nxa8 57. axb5 Nb6 58. Ke4 Ke6 59. Kd4 Kf5 60. Kc5 Nc8 61. Kd5 Kxg5 62. Ke6 Kf4 63. Kd7 Nb6+ 64. Kc6 Na4 65. Kb7 Nc3 66. b6 Nd5 0-1

[Event "Chigorin Memorial 2018"]
[Site "St. Petersburg"]
[Date "2018.10.28"]
[Round "2.48"]
[White "Yeletsky, Ivan"]
[Black "Kavyev, Ruslan"]
[Result "1/2-1/2"]
[WhiteElo "2401"]
[BlackElo "2145"]
[PlyCount "108"]
[EventDate "2018.10.27"]
[EventType "swiss"]
[EventCountry "RUS"]
[WhiteTeam "Russland"]
[BlackTeam "Russland"]
[WhiteTeamCountry "RUS"]
[BlackTeamCountry "RUS"]

1. Nf3 Nf6 2. c4 g6 3. Nc3 d5 4. cxd5 Nxd5 5. h4 Bg7 6. e4 Nxc3 7. dxc3 Qxd1+ 8. Kxd1 Bg4 9. Kc2 Bxf3 10. gxf3 Nc6 11. h5 O-O-O 12. f4 a6 13. Be3 Bh6 14. Re1 e5 15. fxe5 Bxe3 16. Rxe3 Nxe5 17. Rg3 Rhe8 18. Rh4 g5 19. Rh1 h6 20. Bh3+ Kb8 21. b3 Rd6 22. Rd1 Red8 23. Rgg1 Rxd1 24. Rxd1 Rxd1 25. Kxd1 Nd3 26. Bf5 c5 27. Kd2 Nf4 28. Bg4 f6 29. b4 b6 30. bxc5 bxc5 31. c4 Kc7 32. e5 fxe5 33. Ke3 Kd6 34. Ke4 a5 35. a4 Ke7 36. Kxe5 Nd3+ 37. Kd5 Nxf2 38. Be2 g4 39. Kxc5 g3 40. Bf1 Nd3+ 41. Kb5 Kd6 42. Kb6 Nb2 43. c5+ Kd7 44. Bh3+ Kd8 45. Kxa5 Kc7 46. Kb5 Nd3 47. a5 Nf4 48. Bf1 g2 49. Bxg2 Nxg2 50. c6 Nf4 51. a6 Nd5 52. a7 Nb6 53. Kc5 Na8 54. Kd5 Kb6 1/2-1/2

[Event "Chigorin Memorial 2018"]
[Site "St. Petersburg"]
[Date "2018.10.28"]
[Round "2.50"]
[White "Timerkhanov, Alexander"]
[Black "Sinitsina, Anastassia"]
[Result "1-0"]
[WhiteElo "2398"]
[BlackElo "2130"]
[PlyCount "49"]
[EventDate "2018.10.27"]
[EventType "swiss"]
[EventCountry "RUS"]
[WhiteTeam "Russland"]
[BlackTeam "Estland"]
[WhiteTeamCountry "RUS"]
[BlackTeamCountry "EST"]

1. d4 Nf6 2. Bg5 Ne4 3. Bf4 c5 4. d5 Qb6 5. Nd2 Nxd2 6. Bxd2 Qxb2 7. Nf3 d6 8. e4 Nd7 9. Rb1 Qf6 10. Bb5 Rb8 11. e5 Qg6 12. O-O a6 13. Bd3 Qh5 14. exd6 Qxd5 15. dxe7 Bxe7 16. Bf4 Ra8 17. c4 Qh5 18. Re1 Nf6 19. h3 h6 20. Bd6 Be6 21. Bxe7 Kxe7 22. Rxb7+ Kf8 23. Re5 g5 24. Rxe6 fxe6 25. Qa1 1-0

[Event "Chigorin Memorial 2018"]
[Site "St. Petersburg"]
[Date "2018.10.28"]
[Round "2.51"]
[White "Arbuzov, Mikhail"]
[Black "Pershin, Denis"]
[Result "1-0"]
[WhiteElo "2146"]
[BlackElo "2397"]
[PlyCount "61"]
[EventDate "2018.10.27"]
[EventType "swiss"]
[EventCountry "RUS"]
[WhiteTeam "Russland"]
[BlackTeam "Russland"]
[WhiteTeamCountry "RUS"]
[BlackTeamCountry "RUS"]

1. d4 d5 2. c4 c6 3. Nc3 Nf6 4. e3 e6 5. Nf3 Nbd7 6. Qc2 Bd6 7. Bd3 O-O 8. O-O dxc4 9. Bxc4 a6 10. Rd1 b5 11. Be2 Qc7 12. e4 e5 13. Bg5 exd4 14. Rxd4 Re8 15. a3 c5 16. Rdd1 Qb8 17. Bxf6 Nxf6 18. Rxd6 Qxd6 19. e5 Qe6 20. exf6 b4 21. Ng5 Qf5 22. Nce4 h6 23. Bc4 Kf8 24. Bxf7 Rd8 25. Bg6 b3 26. Qc3 Qd5 27. fxg7+ Ke7 28. Qf6+ Kd7 29. Nf7 Re8 30. Nfd6 Re7 31. Qf5+ 1-0

[Event "Chigorin Memorial 2018"]
[Site "St. Petersburg"]
[Date "2018.10.28"]
[Round "2.52"]
[White "Kukhmazov, Arsen"]
[Black "Vasiliev, Georgiy"]
[Result "1-0"]
[WhiteElo "2395"]
[BlackElo "2124"]
[PlyCount "117"]
[EventDate "2018.10.27"]
[EventType "swiss"]
[EventCountry "RUS"]
[WhiteTeam "Russland"]
[BlackTeam "Russland"]
[WhiteTeamCountry "RUS"]
[BlackTeamCountry "RUS"]

1. d4 d5 2. c4 c6 3. Nf3 Nf6 4. Nc3 e6 5. Bg5 h6 6. Bxf6 Qxf6 7. e3 g6 8. Bd3 Bg7 9. O-O O-O 10. Ne5 Qe7 11. f4 dxc4 12. Bxc4 c5 13. Qe2 Nc6 14. Rfd1 Rd8 15. Nxc6 bxc6 16. dxc5 Rxd1+ 17. Rxd1 Qxc5 18. Rd8+ Kh7 19. Ne4 Qb6 20. Qd3 c5 21. Rd6 Qxb2 22. h4 Qc1+ 23. Kh2 Qe1 24. Ng3 h5 25. Qb3 Bf6 26. Rd1 Qb4 27. Qd3 Bxh4 28. Rb1 Qa4 29. Qe4 Bxg3+ 30. Kxg3 Ba6 31. Qxa8 Qxc4 32. Qf8 e5 33. Rb8 exf4+ 34. exf4 Qc3+ 35. Kh2 Bc4 36. Qxc5 h4 37. Qg5 Qg3+ 38. Qxg3 hxg3+ 39. Kxg3 Bxa2 40. Ra8 Bd5 41. Rxa7 Kh6 42. Ra5 Be4 43. Kh3 f6 44. g4 g5 45. f5 Bc2 46. Kg3 Kg7 47. Ra7+ Kf8 48. Rc7 Bd1 49. Rc1 Be2 50. Re1 Bc4 51. Kf3 Kg7 52. Re7+ Kh6 53. Re4 Bb3 54. Ke3 Kg7 55. Kd4 Bd1 56. Kc5 Bf3 57. Rd4 Kf7 58. Kd6 Be2 59. Ra4 1-0

[Event "Chigorin Memorial 2018"]
[Site "St. Petersburg"]
[Date "2018.10.28"]
[Round "2.53"]
[White "Galchenko, Vadim"]
[Black "Yashmetov, Mikhail"]
[Result "1/2-1/2"]
[WhiteElo "2135"]
[BlackElo "2394"]
[PlyCount "81"]
[EventDate "2018.10.27"]
[EventType "swiss"]
[EventCountry "RUS"]
[WhiteTeam "Russland"]
[BlackTeam "Russland"]
[WhiteTeamCountry "RUS"]
[BlackTeamCountry "RUS"]

1. a3 g6 2. f4 Bg7 3. Nf3 d5 4. g3 h5 5. d3 Nh6 6. c3 c6 7. Bg2 Qb6 8. e3 Nf5 9. Qe2 h4 10. e4 dxe4 11. dxe4 h3 12. Bf1 Nd6 13. Be3 Qb3 14. Nd4 Bxd4 15. Bxd4 Rh5 16. c4 c5 17. Nd2 Qc2 18. Bc3 Nc6 19. Qd3 Qxd3 20. Bxd3 Bg4 21. Be2 Bxe2 22. Kxe2 e5 23. g4 Rh4 24. fxe5 Nc8 25. Kf3 Nb6 26. Kg3 Rh6 27. Rhf1 Rd8 28. Rad1 Na4 29. Nf3 Rxd1 30. Rxd1 Nxc3 31. bxc3 Ke7 32. Rd5 b6 33. Nd2 Rh8 34. Nf1 Rc8 35. Kf4 Nd8 36. Kg3 Nc6 37. Nd2 Rh8 38. Kf4 Nd8 39. Kg3 Nc6 40. Nf1 Rc8 41. Nd2 1/2-1/2

[Event "Chigorin Memorial 2018"]
[Site "St. Petersburg"]
[Date "2018.10.28"]
[Round "2.54"]
[White "Popov, Mikhail"]
[Black "Ismagilov, Damir"]
[Result "1-0"]
[WhiteElo "2394"]
[BlackElo "2116"]
[PlyCount "87"]
[EventDate "2018.10.27"]
[EventType "swiss"]
[EventCountry "RUS"]
[WhiteTeam "Russland"]
[BlackTeam "Russland"]
[WhiteTeamCountry "RUS"]
[BlackTeamCountry "RUS"]

1. e4 c5 2. Nf3 e6 3. d4 cxd4 4. Nxd4 Nf6 5. Bd3 Nc6 6. Nxc6 bxc6 7. Qe2 d5 8. Nd2 Be7 9. O-O O-O 10. b3 Qc7 11. Bb2 dxe4 12. Nxe4 Nxe4 13. Qxe4 f5 14. Qc4 Kh8 15. Rae1 Bd7 16. Be5 Bd6 17. Qd4 Bxe5 18. Qxe5 Qb6 19. Bc4 f4 20. Bd3 Rf6 21. Qh5 h6 22. Qf3 Raf8 23. Re5 Be8 24. Rfe1 c5 25. h4 Qd6 26. h5 Bc6 27. Qg4 Bd7 28. Qe2 Kg8 29. f3 Qd4+ 30. Qf2 Qxf2+ 31. Kxf2 Rc8 32. R1e4 Kf7 33. Rc4 Ke7 34. Rexc5 Rxc5 35. Rxc5 Rf8 36. Rc7 Kd6 37. Rxa7 Rc8 38. a4 Be8 39. Rxg7 Bxh5 40. a5 Be8 41. a6 Bc6 42. b4 Rb8 43. b5 Bd5 44. a7 1-0

[Event "Chigorin Memorial 2018"]
[Site "St. Petersburg"]
[Date "2018.10.28"]
[Round "2.55"]
[White "Kochukova, Anna"]
[Black "Palchun, Grigory"]
[Result "1/2-1/2"]
[WhiteElo "2121"]
[BlackElo "2394"]
[PlyCount "159"]
[EventDate "2018.10.27"]
[EventType "swiss"]
[EventCountry "RUS"]
[WhiteTeam "Russland"]
[BlackTeam "Russland"]
[WhiteTeamCountry "RUS"]
[BlackTeamCountry "RUS"]

1. e4 e5 2. Nf3 Nc6 3. Bb5 a6 4. Ba4 Nf6 5. d3 d6 6. c3 g6 7. O-O Bg7 8. Re1 O-O 9. Nbd2 Nd7 10. Nf1 Nc5 11. Bxc6 bxc6 12. d4 exd4 13. cxd4 Nd7 14. Bg5 f6 15. Be3 Kh8 16. Rc1 Bb7 17. Ng3 Qe7 18. h4 h5 19. Qc2 Qf7 20. b3 Rfe8 21. Nd2 a5 22. f4 f5 23. e5 Bh6 24. Nc4 Qe7 25. Nxf5 gxf5 26. Qxf5 Qxh4 27. Qxd7 Bxf4 28. Bxf4 Qxf4 29. Rcd1 Rg8 30. Qh3 Qg5 31. Rf1 Bc8 32. Qh2 d5 33. Nd2 Bg4 34. Nf3 Qe3+ 35. Kh1 Raf8 36. Qg1 Qh6 37. Rd3 Bf5 38. Qe3 Qh7 39. Rc3 Qg7 40. Nh4 Be4 41. Rxf8 Qxf8 42. Qe2 Rg4 43. Rh3 Kg8 44. Nf3 Qf5 45. e6 Qxe6 46. Rxh5 Qf6 47. Rh3 Kg7 48. Ne1 Rg6 49. Nf3 Qf4 50. Rh5 Qg4 51. Rh2 Rf6 52. Ng1 Qxe2 53. Nxe2 Rf1+ 54. Ng1 Rf2 55. Nf3 Rxa2 56. Rh3 Rb2 57. Rg3+ Kf6 58. Ne5 Rc2 59. Nd7+ Kf5 60. Nc5 Rd2 61. Rg7 Rxd4 62. Rxc7 Rd1+ 63. Kh2 Rc1 64. Nb7 d4 65. Nxa5 d3 66. Nc4 Rxc4 67. bxc4 d2 68. Rd7 Bd5 69. cxd5 d1=Q 70. dxc6 Qh5+ 71. Kg1 Qe8 72. Rd3 Qxc6 73. Rf3+ Kg4 74. Kf2 Qc5+ 75. Kf1 Qd4 76. Rh3 Qd1+ 77. Kf2 Qd2+ 78. Kf1 Qc2 79. Rf3 Qc5 80. Rh3 1/2-1/2

[Event "Chigorin Memorial 2018"]
[Site "St. Petersburg"]
[Date "2018.10.28"]
[Round "2.56"]
[White "Kotlyar, Kirill"]
[Black "Gorovenko, Darya"]
[Result "1/2-1/2"]
[WhiteElo "2390"]
[BlackElo "2109"]
[PlyCount "80"]
[EventDate "2018.10.27"]
[EventType "swiss"]
[EventCountry "RUS"]
[WhiteTeam "Russland"]
[BlackTeam "Russland"]
[WhiteTeamCountry "RUS"]
[BlackTeamCountry "RUS"]

1. Nf3 Nf6 2. g3 d5 3. Bg2 c5 4. O-O Nc6 5. d4 cxd4 6. Nxd4 e6 7. c4 Bc5 8. Nb3 Be7 9. cxd5 exd5 10. Nc3 Be6 11. Bg5 O-O 12. Rb1 d4 13. Nb5 h6 14. Bf4 Nd5 15. Bc1 d3 16. Qxd3 Ndb4 17. Qxd8 Raxd8 18. Be3 Nxa2 19. N3d4 Nxd4 20. Nxd4 Bd5 21. Ra1 Bf6 22. Bxd5 Rxd5 23. Rxa2 Bxd4 24. Bxd4 Rxd4 25. Rxa7 Rb4 26. Rd1 Rxb2 27. Rd7 Rxe2 28. Raxb7 Re6 29. Kg2 Rf6 30. h4 g6 31. Rd3 Rc8 32. Rf3 Rxf3 33. Kxf3 Rc4 34. Ra7 Rd4 35. Rb7 Rc4 36. Kg2 Kg7 37. Ra7 Rb4 38. Rc7 Ra4 39. Rb7 Rc4 40. Ra7 Rb4 1/2-1/2

[Event "Chigorin Memorial 2018"]
[Site "St. Petersburg"]
[Date "2018.10.28"]
[Round "2.57"]
[White "Zhuravlev, Stepan"]
[Black "Gogolev, Artem"]
[Result "1-0"]
[WhiteElo "2114"]
[BlackElo "2389"]
[PlyCount "65"]
[EventDate "2018.10.27"]
[EventType "swiss"]
[EventCountry "RUS"]
[WhiteTeam "Russland"]
[BlackTeam "Russland"]
[WhiteTeamCountry "RUS"]
[BlackTeamCountry "RUS"]

1. d4 Nf6 2. c4 e6 3. Nc3 c5 4. d5 exd5 5. cxd5 d6 6. e4 g6 7. f4 Bg7 8. Bb5+ Nfd7 9. a4 O-O 10. Nf3 b6 11. O-O Ba6 12. Qd3 Bxb5 13. Nxb5 Nf6 14. Bd2 Na6 15. Bc3 Re8 16. Rfe1 Qd7 17. Rad1 c4 18. Qxc4 Rac8 19. Qd4 Nh5 20. e5 Qg4 21. Nxd6 Nxf4 22. Qd2 Nc5 23. Nxc8 Rxc8 24. Kh1 Ncd3 25. Rf1 Nc5 26. g3 Nh5 27. Qg5 Nxg3+ 28. hxg3 Qh3+ 29. Nh2 Ne4 30. Qg4 Nxg3+ 31. Kg1 Qxg4 32. Nxg4 Nxf1 33. Kxf1 1-0

[Event "Chigorin Memorial 2018"]
[Site "St. Petersburg"]
[Date "2018.10.28"]
[Round "2.58"]
[White "Nikitenko, Mihail"]
[Black "Abdurakhmanov, Mukhmmadali"]
[Result "1-0"]
[WhiteElo "2389"]
[BlackElo "2106"]
[PlyCount "69"]
[EventDate "2018.10.27"]
[EventType "swiss"]
[EventCountry "RUS"]
[WhiteTeam "Weißrussland"]
[BlackTeam "Usbekistan"]
[WhiteTeamCountry "BLR"]
[BlackTeamCountry "UZB"]

1. c4 Nf6 2. g3 e6 3. Bg2 d5 4. Nf3 Nbd7 5. O-O dxc4 6. Na3 Bxa3 7. bxa3 O-O 8. Qc2 a6 9. a4 a5 10. Ba3 Re8 11. Rac1 c6 12. Qxc4 h6 13. d4 e5 14. dxe5 Nxe5 15. Nxe5 Rxe5 16. e4 Qe8 17. Bb2 Re6 18. Qd4 Bd7 19. e5 Nd5 20. Qd2 Rd8 21. f4 Nb4 22. Rcd1 Qf8 23. a3 Nd5 24. f5 Ree8 25. Qc1 Bc8 26. Bd4 Qe7 27. f6 Qe6 28. fxg7 Kxg7 29. Bb2 Rh8 30. Bxd5 Rxd5 31. Rxd5 cxd5 32. Rf6 Qxf6 33. exf6+ Kg6 34. Qf4 Bf5 35. h4 1-0

[Event "Chigorin Memorial 2018"]
[Site "St. Petersburg"]
[Date "2018.10.28"]
[Round "2.59"]
[White "Mustafayev, Farid"]
[Black "Saydaliev, Saidakbar"]
[Result "1/2-1/2"]
[WhiteElo "2109"]
[BlackElo "2385"]
[PlyCount "91"]
[EventDate "2018.10.27"]
[EventType "swiss"]
[EventCountry "RUS"]
[WhiteTeam "Aserbeidschan"]
[BlackTeam "Usbekistan"]
[WhiteTeamCountry "AZE"]
[BlackTeamCountry "UZB"]

1. e4 c5 2. c3 d5 3. exd5 Qxd5 4. d4 Nc6 5. Nf3 Bg4 6. Be2 Nf6 7. h3 Bh5 8. Na3 cxd4 9. Nb5 Rc8 10. Nbxd4 Nxd4 11. Qxd4 Qxd4 12. Nxd4 Bxe2 13. Kxe2 e6 14. Bf4 Bc5 15. Rad1 Ke7 16. Nb3 Nd5 17. Bg3 Bb6 18. Rhe1 Rhd8 19. Kf3 a6 20. Rd3 Nf6 21. Rxd8 Rxd8 22. c4 Rc8 23. Rc1 Nd7 24. Nd2 a5 25. Ne4 e5 26. Bh4+ f6 27. g4 Bd4 28. b3 a4 29. g5 axb3 30. gxf6+ gxf6 31. axb3 Ke6 32. Rg1 Ra8 33. Rg7 Ra3 34. Rxh7 Rxb3+ 35. Kg2 Rb4 36. Rh6 Rxc4 37. Nxf6 Nxf6 38. Bxf6 Rc2 39. Bh4+ Kd5 40. Rh8 b5 41. Rd8+ Ke4 42. Rb8 Rb2 43. Bg3 b4 44. h4 b3 45. h5 Kf5 46. Rb5 1/2-1/2